000 00666nam a2200217Ia 4500
005 20250508163744.0
008 008 250505s9999 xx 000 0 eng d
020 _a0-415-13127-8
037 _aReference
040 _aFEDL
_beng
_cFEDL
041 _aeng
_2eng
084 _a370.7, CLA
_qFEDL
100 _aClaxton Guy ( et...al ) Ed.
_9776215
245 0 _aLiberating the learner : Lessons for professional development in education
260 _aLondon, UK
_bRoutledge
_c1996
300 _axv,281p
490 _aEducational management series
700 _a Atkinson Terry Ed.
_9776216
942 _cREF
_h370.7, CLA
999 _c1385081
_d1385081